A TEXTBOOK ON MULBERRY BREEDING AND GENETICS (Record no. 25689)

MARC details
000 -LEADER
fixed length control field 00336nam a22001457a 4500
003 - CONTROL NUMBER IDENTIFIER
control field SGT
020 ## - INTERNATIONAL STANDARD BOOK NUMBER
International Standard Book Number 978-93-272-2794-9
082 ## - DEWEY DECIMAL CLASSIFICATION NUMBER
Classification number 631.52
Item number CHA
100 ## - MAIN ENTRY--PERSONAL NAME
Personal name CHAKRABORTI, S.P.
245 ## - TITLE STATEMENT
Title A TEXTBOOK ON MULBERRY BREEDING AND GENETICS
260 ## - PUBLICATION, DISTRIBUTION, ETC. (IMPRINT)
Place of publication, distribution, etc DELHI
Name of publisher, distributor, etc KALYANI
Year of Publication 2013
300 ## - PAGE DESCRIPTION
No. of Pages 195
650 ## - SUBJECT ADDED ENTRY--TOPICAL TERM
Topical term or geographic name as entry element GENETICS
942 ## - ADDED ENTRY ELEMENTS (KOHA)
Source of classification or shelving scheme Dewey Decimal Classification
Koha item type Books
Holdings
Withdrawn status Lost status Source of classification or shelving scheme Damaged status Not for loan Home library Current library Shelving location Date acquired Vendor Name Cost, normal purchase price SGTU Bill Number Full call number Accession No. (Barcode) Date last seen Bill Date Koha item type Total Checkouts
    Dewey Decimal Classification   Not For Loan SGT Science & Social Sciences Library SGT Science & Social Sciences Library Reference Book 21/02/2024 KALYANI 160.00 SGTU 2140 631.52 CHA AG2376 21/02/2024   Books  
    Dewey Decimal Classification     SGT Science & Social Sciences Library SGT Science & Social Sciences Library Text Book 21/02/2024 KALYANI 160.00 SGTU 2140 631.52 CHA AG2377 21/02/2024   Books  
    Dewey Decimal Classification     SGT Science & Social Sciences Library SGT Science & Social Sciences Library Text Book 21/02/2024 KALYANI 160.00 SGTU 2140 631.52 CHA AG2378 21/02/2024   Books  
    Dewey Decimal Classification     SGT Science & Social Sciences Library SGT Science & Social Sciences Library Text Book 21/02/2024 KALYANI 160.00 SGTU 2140 631.52 CHA AG2379 21/02/2024   Books  
    Dewey Decimal Classification     SGT Science & Social Sciences Library SGT Science & Social Sciences Library Text Book 21/02/2024 KALYANI 160.00 SGTU 2140 631.52 CHA AG2380 21/02/2024   Books